Improvement tools in the UK construction industry (Record no. 76309)
[ view plain ]
| 000 -LEADER | |
|---|---|
| fixed length control field | 01486cab a2200205 4500 |
| 001 - CONTROL NUMBER | |
| control field | ##L132018 |
| 008 - FIXED-LENGTH DATA ELEMENTS--GENERAL INFORMATION | |
| fixed length control field | 051221n2005 000 0 eng u |
| 035 ## - SYSTEM CONTROL NUMBER | |
| System control number | (Sirsi) u132018 |
| 041 0# - LANGUAGE CODE | |
| Language code of text/sound track or separate title | eng |
| 100 1# - MAIN ENTRY--PERSONAL NAME | |
| Personal name | Delgado-Hernandez, David |
| 245 00 - TITLE STATEMENT | |
| Title | Improvement tools in the UK construction industry |
| 260 ## - PUBLICATION, DISTRIBUTION, ETC. | |
| Date of publication, distribution, etc. | 2005 |
| 490 #0 - SERIES STATEMENT | |
| Series statement | Construction Management and Economics |
| Volume/sequential designation | 23(9) November 2005, 965-977(13) |
| 520 ## - SUMMARY, ETC. | |
| Summary, etc. | Reports on the results of a survey assessing the current level of use and perceived importance of improvement tools in the construction industry, together with the impact of the ISO 9001 quality system. More than 30 improvement tools were identified and categorized. The results showed that, in terms of use, quality control, performance measures and technology tools are common practice in the industry. A similar set of tools and techniques were perceived as highly important. A comparison of the mean use and mean perceived importance for each group of techniques revealed significant differences in tools that help to assess customer needs, those aimed at programming, and those used for performance measurement. So far as ISO 9001 is concerned, the survey showed that certified companies make more use of, and place higher levels of importance on, most of the groups of tools studied, than non-certified companies. |
| 590 ## - LOCAL NOTE (RLIN) | |
| Local note | IKA030106 |
| 650 24 - SUBJECT ADDED ENTRY--TOPICAL TERM | |
| Topical term or geographic name entry element | ISO 9001 |
| 690 ## - LOCAL SUBJECT ADDED ENTRY--TOPICAL TERM (OCLC, RLIN) | |
| Topical term or geographic name as entry element | MANAGEMENT-QUALITY MANAGEMENT |
| 700 1# - ADDED ENTRY--PERSONAL NAME | |
| Personal name | Aspinwall, Elaine M. |
| 942 ## - ADDED ENTRY ELEMENTS (KOHA) | |
| Suppress in OPAC | 0 |
| Withdrawn status | Lost status | Source of classification or shelving scheme | Damaged status | Not for loan | Home library | Current library | Shelving location | Date acquired | Total Checkouts | Full call number | Barcode | Date last seen | Copy number | Price effective from | Koha item type |
|---|---|---|---|---|---|---|---|---|---|---|---|---|---|---|---|
| Dewey Decimal Classification | London | London | Journal article | 21/12/2005 | L132018 | 132018-1001 | 06/08/2019 | 1 | 06/08/2019 | Journal article |